000 00661nam a22002417a 4500
003 EC-GqESP
005 20250520140028.0
008 250520b |||||||| |||| 00| 0 eng d
020 _a978-93-325-2405-7
041 _aIngles
043 _aEC
082 _a660
100 _aCrowl, Daniel A.
245 _aChemical process safety: Fundamentals with applications
_cDaniel A. Crowl; Joseph F. Louvar
250 _aThird edition
260 _aUSA
_bPearson IN
_c2011
300 _a705 p.
_bpasta de carton
_c23x17 cm
650 _aProcesos quĂ­micos
650 _aSeguridad
700 _aCrowl, Daniel A.
700 _aLouvar, Joseph F.
942 _c01
999 _c237918
_d237918